000
00305nam a22001217a 4500
020
_a
9812531165
082
_2
22
_a
627
100
_a
Mays, Larry W.
245
_a
Water resoucres engineering /
260
_a
New Delhi,
_b
Wiley India,
_c
c2004.
300
_a
xv, 761 p. ;
_b
ill. ;
_c
27 cm.
942
_2
ddc
_c
CIVIL
_0
1
999
_c
410
_d
410